Countries that Start with U - Shape Quiz - Statistics

General Stats
  • This quiz has been taken 30 times
  • The average score is 7 of 7
Answer Stats
Picture Answer % Correct
United Arab Emirates
100%
United Kingdom
100%
United States
100%
Uzbekistan
100%
Uganda
96%
Ukraine
92%
Uruguay
88%
No matching quizzes found
Score Distribution
Percent of People with Each Score
Percentile by Number Answered
Your Score History
You have not taken this quiz